Meranie výkonnosti podniku
Východiská a ukazovatele pre meranie výkonnosti podniku. Stratégia Six Sigma. Faktory obmedzujúce a zvyšujúce výkonnosť podniku.
Gespeichert in:
| 1. Verfasser: | |
|---|---|
| Format: | Buchkapitel |
| Sprache: | Slowakisch |
| Schlagworte: | |
| Tags: |
Keine Tags, Fügen Sie das erste Tag hinzu!
|
MARC
| LEADER | 00000nla$a2200000$$$4500 | ||
|---|---|---|---|
| 001 | 0059551 | ||
| 005 | 20220722090157.6 | ||
| 041 | 0 | |a slo | |
| 044 | |a SK | ||
| 245 | 1 | 0 | |a Meranie výkonnosti podniku |c Mária Ďurišová |
| 520 | |a Východiská a ukazovatele pre meranie výkonnosti podniku. Stratégia Six Sigma. Faktory obmedzujúce a zvyšujúce výkonnosť podniku. | ||
| 610 | 2 | 0 | |a výkonnosť |
| 610 | 2 | 0 | |a výkony podnikové |
| 610 | 2 | 0 | |a transformácia podniku |
| 610 | 2 | 0 | |a metóda BSC |
| 610 | 2 | 0 | |a ukazovatele absolútne |
| 610 | 2 | 0 | |a ukazovatele finančné |
| 610 | 2 | 0 | |a podnik |
| 100 | 1 | |a Ďurišová, Mária | |